Statystyki dla Miasta Polski

Kliknij tutaj aby rozwiązać quiz!

Ogólne statystyki

  • Ten quiz został rozwiązany 37 razy
  • Średni wynik to 26 z 78

Statystyki odpowiedzi

województwomiasto% Poprawnych
PomorskieGdańsk
86%
PomorskieGdynia
83%
MazowieckieWarszawa
72%
PodlaskieBiałystok
69%
MałopolskieKraków
69%
ZachodniopomorskieSzczecin
69%
ŚląskieKatowice
66%
OpolskieOpole
66%
WielkopolskiePoznań
66%
ŁódzkieŁódź
62%
Warmińsko-MazurskieOlsztyn
62%
DolnośląskieWrocław
62%
LubuskieZielona Góra
62%
Warmińsko-MazurskieElbląg
55%
LubelskieLublin
55%
PomorskieSłupsk
55%
Kujawsko-PomorskieBydgoszcz
52%
ŚwiętokrzyskieKielce
52%
PodkarpackieRzeszów
52%
Kujawsko-PomorskieToruń
52%
LubuskieGorzów Wielkopolski
48%
PodlaskieSuwałki
48%
DolnośląskieJelenia Góra
41%
WielkopolskieKalisz
41%
ZachodniopomorskieKołobrzeg
41%
MazowieckieRadom
41%
MałopolskieZakopane
41%
ŚląskieGliwice
38%
WielkopolskieGniezno
38%
PodkarpackiePrzemyśl
38%
ZachodniopomorskieŚwinoujście
38%
ŚląskieCzęstochowa
34%
PomorskieMalbork
34%
MazowieckiePłock
34%
ŚląskieBielsko Biała
31%
WielkopolskiePiła
31%
DolnośląskieWałbrzych
31%
Kujawsko-PomorskieInowrocław
28%
PodkarpackieKrosno
28%
PodlaskieŁomża
28%
ŁódzkiePiotrków Trybunalski
28%
LubelskieZamość
28%
ŚląskieBytom
24%
LubelskieChełm
24%
OpolskieKędzierzyn-Koźle
24%
WielkopolskieLeszno
24%
MałopolskieNowy Sącz
24%
Warmińsko-MazurskieOstróda
24%
ŁódzkieSieradz
24%
PodlaskieAugustów
21%
ŁódzkieBełchatów
21%
Warmińsko-MazurskieMrągowo
21%
OpolskieBrzeg
17%
DolnośląskieKłodzko
17%
OpolskieNysa
17%
MałopolskieOświęcim
17%
DolnośląskieZgorzelec
17%
MazowieckieOstrołęka
14%
PodkarpackieSanok
14%
ŚwiętokrzyskieSkarżysko-Kamienna
14%
ŚwiętokrzyskieStarachowice
14%
Warmińsko-MazurskieSzczytno
14%
PodkarpackieJasło
10%
OpolskieKluczbork
10%
PomorskieŁeba
10%
OpolskieNamysłów
10%
OpolskiePrudnik
10%
LubuskieSłubice
10%
OpolskieStrzelce Opolskie
10%
ZachodniopomorskieWałcz
10%
LubuskieŻary
10%
ŚwiętokrzyskieBusko-Zdrój
7%
OpolskieGłubczyce
7%
ŚląskieWisła
3%
LubelskieBiłgoraj
0%
Kujawsko-PomorskieGrudziąc
0%
DolnośląskieJelcz
0%
DolnośląskiePodkowice
0%

Rozkład punktacji

Percentyl według liczby udzielonych odpowiedzi

Procent ludzi z każdym wynikiem

Twoja historia wyników

Nie rozwiązałeś tego quizu